书目信息 |
| 题名: |
大父母
|
|
| 作者: | 赵若言 编著 | |
| 分册: | 2 国外企业家成长课 | |
| 出版信息: | 北京 新华出版社 2021.01 |
|
| 页数: | 228页 | |
| 开本: | 24cm | |
| 丛书名: | ||
| 单 册: | ||
| 中图分类: | G78 , K815.38 | |
| 科图分类: | ||
| 主题词: | 家庭教育--jia ting jiao yu , 企业家--qi ye jia--生平事迹--世界 | |
| 电子资源: | ||
| ISBN: | 978-7-5166-3425-7 | |
| 000 | 01044nam 2200265 450 | |
| 001 | 012001001021 | |
| 005 | 20221207160659.45 | |
| 010 | @a978-7-5166-3425-7@dCNY36.00 | |
| 099 | @aCAL 012018015216 | |
| 100 | @a20220905d2017 em y0chiy50 ea | |
| 101 | 0 | @achi |
| 102 | @aCN@b110000 | |
| 105 | @ac z 000yd | |
| 106 | @ar | |
| 200 | 1 | @a大父母@Ada fu mu@h2@i国外企业家成长课@f赵若言编著 |
| 210 | @a北京@c新华出版社@d2021.01 | |
| 215 | @a228页@c肖像@d24cm | |
| 330 | @a本书通过详细分析国外企业家父母对孩子的教育经历,从多方面揭示他们不同的教育方法和营造的家庭氛围,以期给读者起到教育和引导作用。父母是孩子最好的老师,文中例举了巴菲特、索罗斯、史蒂夫·乔布斯、比尔·盖茨、埃隆·马斯克等多位知名企业家从小到大的成长经历,揭秘父母的生活习惯和管理方式等对他们的成功、成才起到的关键作用。 | |
| 606 | 0 | @a家庭教育@Ajia ting jiao yu |
| 606 | 0 | @a企业家@Aqi ye jia@x生平事迹@y世界 |
| 690 | @aG78@v5 | |
| 690 | @aK815.38@v5 | |
| 701 | 0 | @a赵若言@Azhao ruo yan@4编著 |
| 801 | 0 | @aCN@bAHXH@c20221111 |
| 905 | @b1370327-31@dG78@e2891:2@f5 | |
| 大父母.2.国外企业家成长课/赵若言编著.-北京:新华出版社,2021.01 |
| 228页:肖像;24cm |
| ISBN 978-7-5166-3425-7:CNY36.00 |
| 本书通过详细分析国外企业家父母对孩子的教育经历,从多方面揭示他们不同的教育方法和营造的家庭氛围,以期给读者起到教育和引导作用。父母是孩子最好的老师,文中例举了巴菲特、索罗斯、史蒂夫·乔布斯、比尔·盖茨、埃隆·马斯克等多位知名企业家从小到大的成长经历,揭秘父母的生活习惯和管理方式等对他们的成功、成才起到的关键作用。 |
| ● |
| 相关链接 |
|
|
|
|
正题名:大父母
索取号:G78/2891:2
 
预约/预借
| 序号 | 登录号 | 条形码 | 馆藏地/架位号 | 状态 | 备注 |
| 1 | 1370327 | 213703278 | 第一样本阅览室/ [索取号:G78/2891:2] | 在馆 | |
| 2 | 1370328 | 213703287 | 教育系资料室/ [索取号:G78/2891:2] | 在馆 | |
| 3 | 1370329 | 213703296 | 教育系资料室/ [索取号:G78/2891:2] | 在馆 | |
| 4 | 1370330 | 213703303 | 第四借阅区/ [索取号:G78/2891:2] | 在馆 | |
| 5 | 1370331 | 213703312 | 第四借阅区/ [索取号:G78/2891:2] | 在馆 |